Great conversations (Registro nro. 90870)

Detalles MARC
000 -ENCABEZADO
Número de control [NR] 01645nam a22002417a 4500
008 - DE LONGITUD FIJA DE DATOS DE ELEMENTOS - INFORMACIÓN GENERAL
Elementos de longitud fija [NR] 130821s2004 xxu gr eng
020 ## - NUMERO INTERNACIONAL NORMALIZADO PARA LIBROS [R]
Número Internacional Normalizado del libro [NR] 094515934X
040 ## - FUENTE DE CATALOGACION [NR]
Agencia de catalogación original [NR] Co-BoUCM
Idioma de catalogación [NR] spa
041 00 - CODIGO DE IDIOMA [R]
Código de idioma para texto/pista de sonido o título separado [R] Inglés
245 00 - MENCION DE TITULO [NR]
Título [NR] Great conversations
Mención de responsabilidad, etc. [NR] editor Daniel Born, Donald H. Whitfield ; contribuciones Nancy Carr
260 ## - PUBLICACION, DISTRIBUCION, ETC. (PIE DE IMPRENTA) [R]
Lugar de publicación, distribución, etc. [R] Chicago (Illinois, estados Unidos)
Nombre del editor, distribuidor, etc. [R] Great Books Foundation
Fecha de publicación, distribución, etc. [R] c2004
300 ## - DESCRIPCION FISICA [R]
Extensión [R] 538 páginas
505 0# - NOTA DE CONTENIDO CON FORMATO PREESTABLECIDO [R]
Nota de contenido con formato preestablecido [NR] The epic of Gilgamish / anonymous -- Prometheus bound / Aeschylus -- Of friendship and of solitude / Michel de Montaigne -- Pensées (selection) / Blaise Pascal -- Self-reliance / Ralph Waldo Emerson -- Out of the cradle endlessly rocking / Walt Whitman -- Democracy in America (selection) / Alexis de Tocqueville -- An enemy of the people / Henrik Ibsen -- The value of science (selection) / Henri Poincaré -- Thoughts for the times on war and death / Sigmund Freud -- The secret sharer / Joseph Conrad -- The theory of the leisure class (selection) / Thorstein Veblen -- The stages of life / Carl Jung -- Tell me a riddle / Tillie Olsen -- Boys and girls / Alice Munro -- Discussion guide for narrative of the life of Frederick Douglass, an American Slave / Frederick Douglass -- Discussion guide for seize the day / Saul Bellow -- Connecting themes.
650 04 - ASIENTO SECUNDARIO DE MATERIA - TERMINO TEMATICO [R]
Término temático o nombre geográfico como elemento de entrada [NR] Arte de escribir
9 (RLIN) 9465
650 04 - ASIENTO SECUNDARIO DE MATERIA - TERMINO TEMATICO [R]
Término temático o nombre geográfico como elemento de entrada [NR] Literatura universal
Subdivisión general [R] Crítica universal
9 (RLIN) 18752
650 04 - ASIENTO SECUNDARIO DE MATERIA - TERMINO TEMATICO [R]
Término temático o nombre geográfico como elemento de entrada [NR] Literatura
9 (RLIN) 18599
650 04 - ASIENTO SECUNDARIO DE MATERIA - TERMINO TEMATICO [R]
Término temático o nombre geográfico como elemento de entrada [NR] Literatura
Subdivisión de forma [R] Colecciones
9 (RLIN) 18599
700 1# - ASIENTO SECUNDARIO - NOMBRE PERSONAL [R]
Nombre personal [NR] Born, Daniel.
700 1# - ASIENTO SECUNDARIO - NOMBRE PERSONAL [R]
Nombre personal [NR] Carr, Nancy.
700 1# - ASIENTO SECUNDARIO - NOMBRE PERSONAL [R]
Nombre personal [NR] Whitfield, Donald.
942 ## - ELEMENTOS DE ENTRADA AGREGADOS (KOHA)
Tipo de ítem principal el descrito en 300a Libro
Tema principal Literatura
Edición 1
Parte restante de la signatura top. G786
Sistema de clasificación DEWEY
Clasificación 808.8
Existencias
Fecha de último préstamo Total préstamos Total Renewals Signatura topográfica Código de barras Última vez visto Volúmen / Fascículo Ejemplar Price effective from Tipo de ítem Nota pública (OPAC) Perdido Sistema de clasificación Dañado No prestable Tipo de ítem específico Suprimido Ubicación habitual Ubicación actual Localización Fecha de creación Forma de adquisición Costo
09/02/2013 5 2 808.8 G786 100080925 03/12/2025 V.2 Ej.1 03/02/2013 Libro ASK   DEWEY     Libro   Claustro Claustro 4to piso 28/02/2013 Donación 95000.00
16/01/2020 9   808.8 G786 100080943 03/12/2025 V.1 Ej.1 03/02/2013 Libro ASK   DEWEY     Libro   Claustro Claustro 4to piso 30/09/2006 Compra 90000.00